000 00687nam a2200253Ia 4500
003 OSt
005 20220912151546.0
006 a|||||r|||| 00| 0
007 ta
008 220909b |||||||| |||| 00| 0 eng d
024 _a456
037 _cTextual
040 _aCSL
_beng
_cCSL
041 _aeng
082 _aB25,2, N2
100 _aMathai A.M.
245 0 _aQuadratic forms in random variables
260 _aNew York
_b Marcel Dekker
_c1992
300 _a367p.
_ccm.
490 _aStatistics, textbooks and monographs; 126
700 _a Provost Serge B.
942 _hB25,2, N2
_cTEXL
_2CC
999 _c71337
_d71337